00616nam a2200193Ia 450000500170000000800410001702000230005804000190008104100120010008200160011210000210012824500960014926000330024530000250027850400500030365000300035365100290038385000100041220221128103657.0131103s9999 xx 000 0 und d a8185109702cRs.180 aLoreto College aEnglish a954.14bROY aRoy,Benoy Bhusan aSocio Economic impact of Sati in Bengal and the role of Raja Rammohun RoycBenoy Bhusan Roy aCalcuttabNaya Prakashc1987 a226 p.b maps,tables aIncludes bibliographical references and index aRole of Raja Rammohun Roy aImpact of Sati In Bengal aLCLIB